| 000 | 00645nam a22002177a 4500 | ||
|---|---|---|---|
| 999 |
_c16700 _d16700 |
||
| 003 | AR-CdUCM | ||
| 008 | 190504b ||||| |||| 00| 0 spa d | ||
| 040 |
_aMUNICIPALIDAD PROVINCIAL DEL CUSCO _cBIBLIOTECA MUNICIPAL DEL CUSCO |
||
| 082 |
_a860 / _bM23 |
||
| 100 |
_aManzoni, Alejandro _930088 |
||
| 245 |
_aLos novios : _bHistoria milanesa del siglo XVII / |
||
| 260 |
_aBarcelona : _bMateu, _c1963. |
||
| 300 |
_a461 paginas : _c20 cm. |
||
| 500 | _aNovela española | ||
| 650 |
_aNovela _95 |
||
| 650 |
_aLiteratura _983 |
||
| 650 |
_aEspañol _97869 |
||
| 700 |
_aMoro, Acosta _936296 |
||
| 942 |
_2ddc _cLIBROS |
||
| 945 |
_apjha _d2019-05-04 |
||